Top 102 Filme auf IMDb - Statistiken

Allgemein
  • Dieses Quiz wurde 215 mal gespielt
    144 seit der letzten Aktualisierung
  • Das Durchschnittsergebnis liegt bei 26 aus 102
Antwortstatistiken
Platz Film Jahr Bewertung % Korrekt
15. Das Imperium schlägt zurück 1980 8,7
75%
2. Der Pate 1972 9,2
75%
88. Die Rückkehr der Jedi-Ritter 1983 8,3
75%
28. Krieg der Sterne 1977 8,6
75%
9. Der Herr der Ringe: Die Gefährten 2001 8,8
73%
7. Der Herr der Ringe: Die Rückkehr des Königs 2003 8,9
73%
14. Der Herr der Ringe: Die zwei Türme 2002 8,7
73%
97. M: Eine Stadt sucht einen Mörder 1931 8,3
68%
13. Inception 2010 8,7
65%
3. The Dark Knight 2008 9,0
64%
1. Die Verurteilten 1994 9,2
63%
4. Der Pate 2 1974 9,0
62%
8. Pulp Fiction 1994 8,9
60%
11. Forrest Gump 1994 8,8
59%
27. Interstellar 2014 8,6
59%
6. Schindlers Liste 1993 8,9
53%
12. Fight Club 1999 8,8
45%
16. Matrix 1999 8,7
42%
17. GoodFellas - Drei Jahrzehnte in der Mafia 1990 8,7
41%
42. Casablanca 1942 8,5
39%
36. Der König der Löwen 1994 8,5
37%
19. Sieben 1995 8,6
36%
29. Terminator 2: Tag der Abrechnung 1991 8,5
36%
23. Der Soldat James Ryan 1998 8,6
33%
51. Alien - Das unheimliche Wesen aus einer fremden Welt 1979 8,4
32%
26. The Green Mile 1999 8,6
32%
57. Django Unchained 2012 8,4
31%
75. Toy Story 1995 8,3
31%
30. Zurück in die Zukunft 1985 8,5
31%
22. Das Schweigen der Lämmer 1991 8,6
30%
37. Gladiator 2000 8,5
30%
39. Departed: Unter Feinden 2006 8,5
29%
32. Psycho 1960 8,5
29%
80. Avengers: Endgame 2019 8,3
28%
35. Parasite 2019 8,5
28%
62. Shining 1980 8,4
27%
90. 2001: Odyssee im Weltraum 1968 8,3
25%
55. Apocalypse Now 1979 8,4
25%
95. Citizen Kane 1941 8.3
25%
5. Die zwölf Geschworenen 1957 8,9
25%
56. Jäger des verlorenen Schatzes 1981 8,4
25%
54. Memento 2000 8,4
25%
72. Joker 2019 8,3
24%
92. Reservoir Dogs 1992 8,3
24%
70. The Dark Knight Rises 2012 8,3
24%
65. Avengers: Infinity War 2018 8,4
22%
48. Spiel mir das Lied vom Tod 1968 8,4
22%
10. Zwei glorreiche Halunken 1966 8,8
22%
31. Chihiros Reise ins Zauberland 2001 8,5
21%
25. Das Leben ist schön 1997 8,6
19%
34. Der Pianist 2002 8,5
19%
41. Prestige - Die Meister der Magie 2006 8,5
19%
58. WALL·E - Der Letzte räumt die Erde auf 2008 8,4
19%
20. Die sieben Samurai 1954 8,6
18%
18. Einer flog über das Kuckucksnest 1975 8,6
18%
33. Léon: Der Profi 1994 8,5
18%
102. Uhrwerk Orange 1971 8,2
18%
24. City of God 2002 8,6
17%
50. Das Fenster zum Hof 1954 8,4
17%
78. Inglourious Basterds 2009 8,3
17%
21. Ist das Leben nicht schön? 1946 8,6
17%
38. American History X 1998 8,5
16%
67. American Beauty 1999 8,3
15%
40. Die üblichen Verdächtigen 1995 8,5
15%
79. Prinzessin Mononoke 1997 8,3
15%
43. Whiplash 2014 8,5
15%
59. Das Leben der Anderen 2006 8,4
14%
99. Vertigo - Aus dem Reich der Toten 1958 8,2
14%
63. Der große Diktator 1940 8,4
13%
45. Harakiri 1962 8,5
13%
44. Ziemlich beste Freunde 2011 8,5
13%
66. Alien 2 1986 8,3
12%
77. Das Boot 1981 8,3
12%
81. Es war einmal in Amerika 1984 8,3
12%
71. Oldboy 2003 8,3
12%
49. Top Gun: Maverick 2022 8,4
12%
82. Good Will Hunting: Der gute Will Hunting 1997 8,3
11%
47. Moderne Zeiten 1936 8,4
11%
85. Toy Story 3 2010 8,3
10%
74. Braveheart 1995 8,3
9%
53. Cinema Paradiso 1988 8,4
9%
46. Die letzten Glühwürmchen 1988 8,4
9%
52. Lichter der Großstadt - Eine Komödien-Romance als Pantomime 1931 8,4
9%
76. Coco: Lebendiger als das Leben 2017 8,3
8%
73. Amadeus 1984 8,3
7%
69. Spider-Man: A New Universe 2018 8,3
7%
94. Lawrence von Arabien 1962 8,3
6%
84. Requiem for a Dream 2000 8,3
6%
83. Your Name. 2016 8,3
6%
98. Der unsichtbare Dritte 1959 8,3
5%
96. Die Jagd 2012 8,3
5%
68. Dr. Seltsam oder: Wie ich lernte, die Bombe zu lieben 1964 8,3
5%
86. Du sollst mein Glücksstern sein 1952 8,3
5%
100. Komm und Sieh' 1985 8,2
5%
61. Wege zum Ruhm 1957 8,4
5%
91. Vergiss mein nicht 2004 8,3
4%
87. 3 Idiots 2009 8,3
3%
93. Capernaum: Stadt der Hoffnung 2018 8,3
3%
64. Zeugin der Anklage 1957 8,4
3%
60. Boulevard der Dämmerung 1950 8,4
2%
101. Die fabelhafte Welt der Amelie 2001 8,2
1%
89. Zwischen Himmel und Hölle 1963 8,3
1%
Keine übereinstimmenden Quizze gefunden
Verteilung der Resultate
Anzahl Personen mit jedem Resultat
Perzentil nach korrekt beantworteten Fragen
Ihre Resultats-Entwicklung
Sie haben dieses Quiz seit der letzten Aktualisierung nicht gespielt